000 00589nam a22001577a 4500
999 _c534528
_d534528
020 _qHard Cover.
082 _a620.11
100 _aSyed Muhammad Sherazi.
245 _aDevelopment and Testing of a Visible and IR Spectrum Obscurant Pyrotechnic Smoke Composition for Military Use /
_cSyed Muhammad Sherazi.
260 _aIslamabad :
_bSCME - NUST,
_c2015.
300 _aix, 63 p. ill. :
_c30cm.
942 _2ddc
_cTHE
650 _aEnergetic Materials Engineering - MS Thesis.
_928358
700 _aDr. Abdi; Qadeer Malik.
_928720